| 000 | 00703nam a2200229Ii 4500 | ||
|---|---|---|---|
| 003 | JO-AjNU | ||
| 008 | 230605s9999||||xx |||||||||||||| ||und|| | ||
| 017 | _a1986/3973 | ||
| 020 | _a977-02-1714-X | ||
| 040 |
_aJO-AjNU _bara _erda _cJO-AjNU |
||
| 041 | _aara | ||
| 050 | 1 | 4 | _aPJ7862.H68.Z586 1986 |
| 100 | 3 |
_aتأليف ضيف، شوقي, _eauthor _934841 |
|
| 245 | 0 | 0 | _aشوقي شاعر العصر الحديث |
| 250 | _aط11 | ||
| 264 | 3 | 1 | _aالقاهرة: دار المعارف ، 1986 |
| 300 | _a285ص | ||
| 336 |
_atext _btxt _2rdacontent |
||
| 337 |
_aunmediated _bn _2rdamedia |
||
| 338 |
_avolume _bnc _2rdacarrier |
||
| 650 | 4 |
_aالشعر العربي - تفسير ونقد _934842 |
|
| 999 |
_aA14325 _c17893 _d17893 |
||